| 000 | 00511nam a22001697a 4500 | ||
|---|---|---|---|
| 005 | 20231117103026.0 | ||
| 008 | 231117b |||||||| |||| 00| 0 eng d | ||
| 020 | _a0702129240 | ||
| 041 | _aEnglish | ||
| 082 | _a344.6 LOO | ||
| 100 |
_aLoots, PC _lEnglish |
||
| 245 |
_aConstruction Law and Related Issues / _cPC Loots |
||
| 260 |
_aCape Town : _bJuta and Company Ltd, _c1995 |
||
| 300 |
_blxvii, 1213 pages ; _c27 cm. |
||
| 650 |
_aLegal practice _bLaw |
||
| 942 |
_cBK _6ALISON_BN_VRIES |
||
| 999 |
_c763 _d763 |
||